Anagrammes aléatoires - Villes belges - Statistiques

Statistiques générales
  • Ce quiz a été pris 253 fois
  • Le résultat moyen est 7 sur 15
Statistiques - réponses
Ville % Correct
Mol
91%
Bruxelles
86%
Mons
84%
Liege
80%
Namur
73%
Hal
72%
Genk
70%
Gand
69%
Mouscron
69%
Anvers
68%
Bruges
68%
Asse
60%
Jette
59%
Ypres
52%
Geel
43%
Charleroi
42%
Binche
40%
Louvain
39%
Wavre
39%
Uccle
36%
Evere
35%
Ostende
35%
Courtrai
33%
Etterbeek
30%
Anderlecht
29%
Hasselt
26%
Ixelles
25%
Tournai
22%
Schaerbeek
20%
Malines
17%
Verviers
17%
Dilbeek
14%
Lommel
14%
Forest
13%
Lierre
13%
Alost
12%
Ninove
12%
Vilvorde
9%
Turnhout
8%
Beveren
7%
Roulers
7%
Lokeren
6%
Herstal
5%
Termonde
5%
Tirlemont
5%
Seraing
0%
Aucun quiz correspondant
Distribution des résultats
% des personnes avec chaque résultat
Percentile par nombre de réponses
Votre historique - résultats
Vous n’avez pas pris ce quiz